000
00307nam a22001217a 4500
008
170213b xxu||||| |||| 00| 0 eng d
041
_a
eng
080
_a
61
100
_a
4
101
_a
SHM
245
_a
HEART ATTACK, CHEST PAIN, STROKE, AND PERIPHERAL ARTERIAL DISEASE (PAD)
_c
SQUIB, B.M
942
_2
udc
_c
BK
999
_c
5207
_d
5207